ბათუმის შოთა რუსთაველის სახელმწიფო უნივერსიტეტის ბიბლიოთეკა

ჩემი გადასახედიდან / (ბიბ.ჩანაწერი № 58513)

000 -ლიდერი
ფიქსირებული სიგრძის საკონტროლო ველი 01087nam a22002297a 4500
003 - საკონტროლო ნომრის იდენტიფიკატორი
საკონტროლო ველი Ge_BSU
005 - ბოლო ოპერაციის თარიღი და დრო
საკონტროლო ველი 20220513105749.0
008 - ფიქსირებული სიგრძის მონაცემთა ელემენტები - ზოგადი ინფორმაცია
ფიქსირებული სიგრძის საკონტროლო ველი 220513s2021 ge ||||| |||| 00| 0 geo d
020 ## - წიგნის საერთაშორისო სტანდარტული ნომერი
International Standard Book Number 9789941460753
041 ## - ენის კოდი
Language code of text/sound track or separate title geo
080 ## - უნივერსალური ათობითი კლასიფიკაციის ინდექსი
Universal Decimal Classification number 94(479.22-22) + 821.353.1-94 ბ-25
100 ## - მთავარი ჩანაწერი - პიროვნების სახელი
Personal name ბარამიძე, ნოდარ
9 (RLIN) 13724
245 ## - ცნობა სათაურის შესახებ
Title ჩემი გადასახედიდან /
Statement of responsibility, etc ნოდარ ბარამიძე ; რედაქტორი მიხეილ მახარაძე.
250 ## - გამოცემის ცნობა
Edition statement მეორე შევსებული გამოცემა
264 ## - წარმოების, გამოცემის, დისტრიბუციის და სხვა ცნობები
გამოცემის, წარმოების, დისტრიბუციის... ადგილი ბათუმი :
გამოცემის, წარმოების, დისტრიბუციის... სახელწოდება ”გამომცემლობა აჭარა”,
გამოცემის, წარმოების, დისტრიბუციის... თარიღი 2021.
300 ## - ფიზიკური აღწერა
Extent 119 გვ.:
Other physical details სურ.;
Dimensions 20 სმ.
501 ## - შენიშვნა თანმხლებ მასალაზე
With note დანართი გვ. 103-117
504 ## - BIBLIOGRAPHY, ETC. NOTE
Bibliography, etc ბიბლიოგრ. გვ.86-102
653 ## - INDEX TERM--UNCONTROLLED
Uncontrolled term საქართველოს სოფლების ისტორია.
700 ## - ADDED ENTRY--PERSONAL NAME
Personal name მახარაძე, მიხეილ
Relator term რედაქტორი.
9 (RLIN) 13725
942 ## - ADDED ENTRY ELEMENTS (KOHA)
Source of classification or shelving scheme
Koha item type წიგნი
ეგზემპლარები
ჩამოწერის სტატუსი დაკარგული ეგზემპლარის სტატუსი კლასიფიკაციის წყარო ან თაროზე გაწყობის სქემა დაზიანების სტატუსი არ გაიცემა მუდმივი მდებარეობა (დაცვის ადგილი) ამჟამინდელი ადგილსამყოფელი თაროზე განთავსების ადგილი შეძენის თარიღი ღირებულება, შესყიდვის ნორმალური ფასი სრული შენახვის შიფრი შტრიხკოდი ბოლო ოპერაციის თარიღი ეგზემპლარის მიმდევრობითი ნომერი (კეტერი?) ფასის ძალაში შესვლის თარიღი ეგზემპლარის სახეობა საჯარო შენიშვნა
          ბათუმის შოთა რუსთაველის სახელმწიფო უნივერსიტეტის მთავარი ბიბლიოთეკა ბათუმის შოთა რუსთაველის სახელმწიფო უნივერსიტეტის მთავარი ბიბლიოთეკა წიგნსაცავი 2022-05-13 6.00 94(479.22-22) + 821.353.1-94 ბ-25 62351 2022-05-13 62351 2022-05-13 წიგნი 6 ლ.
          ბათუმის შოთა რუსთაველის სახელმწიფო უნივერსიტეტის მთავარი ბიბლიოთეკა ბათუმის შოთა რუსთაველის სახელმწიფო უნივერსიტეტის მთავარი ბიბლიოთეკა წიგნსაცავი 2022-05-13 6.00 94(479.22-22) + 821.353.1-94 ბ-25 62352 2022-05-13 62352 2022-05-13 წიგნი 6 ლ.